Les chansons de Tiakola - Mort subite #1 - Statistiques

Statistiques générales
  • Ce quiz a été pris 3 735 fois
  • Le résultat moyen est 6 sur 12
Answers on the Grid
Answers color-coded by a green-red scale on the quiz's grid according to % correct below.
Meuda
Si j'savais
Gasolina
La clé
M3lo
M2lo
M4lo
Riri / No camera
Roro
Riri
Parapluie
Sans nouvelle
1h55
2h55
3h55
200K
300K
Manon B
Marion B
Marie B
Goal
DIE
J'allume
Rose
 
Statistiques - réponses
Réponse % Correct
Manon B
61%
Meuda
60%
Gasolina
57%
1h55
54%
M3lo
54%
Riri / No camera
52%
Si j'savais
52%
La clé
50%
Parapluie
49%
Roro
40%
200K
37%
Sans nouvelle
29%
Aucun quiz correspondant
Distribution des résultats
% des personnes avec chaque résultat
Percentile par nombre de réponses
Votre historique - résultats
Vous n’avez pas pris ce quiz